Microelectronic circuit design / (رقم التسجيلة. 32562)

تفاصيل مارك
000 -الفاتح
حقل البيانات ثابتة الطول 01583cam a2200397 a 4500
001 - رقم الضبط
رقم الضبط 16013631
003 - محدد رقم الضبط
رقم الضبط OSt
005 - وقت وتاريخ اخر تعامل مع التسجيلة
رقم الضبط 20150408114157.0
008 - عناصر البيانات ثابتة الطول - معلومات عامة
حقل البيانات ثابتة الطول 091209s2011 nyua b 001 0 eng
010 ## - رقم ضبط مكتبة الكونجرس
رقم ضبط مكتبة الكونجرس 2009049847
015 ## - رقم الببليوجرافية الوطنية
رقم الببليوجرافية الوطنية GBA9C2330
المصدر bnb
016 7# - رقم ضبط الوكاله الوطنية للضبط الببليوجرافي
رقم ضبط التسجيلة 015442155
المصدر Uk
020 ## - الرقم الدولى المعيارى للكتب
الرقم الدولى المعيارى للكتاب 9780073380452
020 ## - الرقم الدولى المعيارى للكتب
الرقم الدولى المعيارى للكتاب 0073380458
020 ## - الرقم الدولى المعيارى للكتب
الرقم الدولى المعيارى للكتاب 9780071221993
035 ## - رقم ضبط النظام
رقم ضبط النظام (OCoLC)ocn477254707
040 ## - مصدر الفهرسة
وكالة الفهرسة الأصلية DLC
وكالة النسخ DLC
وكالة التعديل BTCTA
-- UKM
-- C#P
-- BWX
-- CDX
-- YDXCP
-- DLC
050 00 - رقم طلب مكتبة الكونجرس
رقم التصنيف TK7874
رقم المادة .J333 2011
082 00 - رقم تصنيف ديوى العشرى
رقم التصنيف 621.3815
رقم الطبعة 22
رقم المادة JRM
100 1# - المدخل الرئيسى - إسم شخصى
الإسم الشخصى Jaeger, Richard C.
9 (RLIN) 36711
245 10 - بيان العنوان
العنوان Microelectronic circuit design /
بيان المسئوليه,etc Richard C. Jaeger, Travis N. Blalock.
250 ## - بيان الطبعة
بيان الطبعة 4th ed.
260 ## - PUBLICATION, DISTRIBUTION, ETC. (IMPRINT)
مكان الناشر او الموزع New York :
اسم الناشر او الموزع McGraw-Hill,
تاريخ النشر أو التوزيع c2011.
300 ## - الوصف المادى
التعداد xxvi, 1334 p. :
تفاصيل ماديه اخرى للوعاء ill. ;
أبعاد الوعاء 27 cm.
504 ## - تبصرة ببليوجرافية
تبصرة ببليوجرافية,الخ Includes bibliographical references and index.
650 #0 - المدخل الاضافى بالموضوع-مصطلح موضوعى
مصطلح موضوعي أو اسم جغرافي كعنصر مدخل Integrated circuits
التقسيم الفرعي العام Design and construction.
650 #0 - المدخل الاضافى بالموضوع-مصطلح موضوعى
مصطلح موضوعي أو اسم جغرافي كعنصر مدخل Semiconductors
التقسيم الفرعي العام Design and construction.
9 (RLIN) 11829
650 #0 - المدخل الاضافى بالموضوع-مصطلح موضوعى
مصطلح موضوعي أو اسم جغرافي كعنصر مدخل Electronic circuit design.
9 (RLIN) 36712
700 1# - المدخل الاضافى - اسم شخصى
الإسم الشخصى Blalock, Travis N.
9 (RLIN) 36714
856 42 - الوصول و الموقع الالكترونى
مواد محددة Contributor biographical information
معرف المصدر الموحد <a href="http://www.loc.gov/catdir/enhancements/fy1005/2009049847-b.html">http://www.loc.gov/catdir/enhancements/fy1005/2009049847-b.html</a>
856 42 - الوصول و الموقع الالكترونى
مواد محددة Publisher description
معرف المصدر الموحد <a href="http://www.loc.gov/catdir/enhancements/fy1005/2009049847-d.html">http://www.loc.gov/catdir/enhancements/fy1005/2009049847-d.html</a>
856 41 - الوصول و الموقع الالكترونى
مواد محددة Table of contents only
معرف المصدر الموحد <a href="http://www.loc.gov/catdir/enhancements/fy1005/2009049847-t.html">http://www.loc.gov/catdir/enhancements/fy1005/2009049847-t.html</a>
906 ## - عنصر بيانات محلى F, LDF (RLIN)
a 7
b cbc
c orignew
d 1
e ecip
f 20
g y-gencatlg
942 ## - عناصر المدخل الإضافي( كوها)
مصدر التصنيف او مخطط الترفيف Dewey Decimal Classification
Koha [default] item type كتاب
المقتنيات
حالة الفقد نموذج السعر الفعال حالة تلف ليس للاعارة رقم الطلب تاريخ الاكتساب الموقع الحالي الباركود الفرع الرئيسي Date last seen نوع المادة فى نظام كوها مصدر التصنيف او خطة الترفيف Total Checkouts Date last checked out
  2013-12-12     621.3815 JRM 2013-12-12 المكتبة المركزية بالمجمعة (CL) 00452837 المكتبة المركزية بالمجمعة (CL) 2013-12-12 كتاب Dewey Decimal Classification    
  2013-12-12     621.3815 JRM 2013-12-12 المكتبة المركزية بالمجمعة (CL) 00452838 المكتبة المركزية بالمجمعة (CL) 2013-12-12 كتاب Dewey Decimal Classification    
  2013-12-12     621.3815 JRM 2013-12-12 المكتبة المركزية بالمجمعة (CL) 00452839 المكتبة المركزية بالمجمعة (CL) 2017-01-11 كتاب Dewey Decimal Classification 1 2015-09-09
  2013-12-12     621.3815 JRM 2013-12-12 مكتبة كلية التربية بالزلفى - طالبات (EZF) 00138133 مكتبة مجمع الكليات بالزلفى - طلاب (SZM) 2016-11-07 كتاب Dewey Decimal Classification 1 2016-11-07
  2013-12-12     621.3815 JRM 2013-12-12 مكتبة مجمع الكليات بالزلفى - طلاب (SZM) 00452840 مكتبة مجمع الكليات بالزلفى - طلاب (SZM) 2013-12-12 كتاب Dewey Decimal Classification    
  2013-12-12     621.3815 JRM 2013-12-12 مكتبة مجمع الكليات بالزلفى - طلاب (SZM) 00452842 مكتبة مجمع الكليات بالزلفى - طلاب (SZM) 2013-12-12 كتاب Dewey Decimal Classification